| 000 | nam a22 7a 4500 | ||
|---|---|---|---|
| 999 |
_c126485 _d126485 |
||
| 008 | 170524b xxu||||| |||| 00| 0 eng d | ||
| 050 | _aDT2996.M235 | ||
| 100 |
_aMakamure, Kempton Mpandasekwa _930993 |
||
| 245 |
_aThe people and democracy _c/ Kempton Mpandasekwa Makamure |
||
| 260 |
_aHarare _bK.M.Makamure _c1999 |
||
| 300 |
_a63p. ; _c21cm. |
||
| 650 |
_aZimbabwe _xPolitics _y1980 _917606 |
||
| 942 |
_2lcc _cMONOGRAPH |
||